| 000 | 00409nam a2200145 a 4500 | ||
|---|---|---|---|
| 001 | 000028447 | ||
| 005 | 20200930054940.0 | ||
| 008 | 110408s2004 dr a 000 0 spa d | ||
| 040 |
_aDO-SdBNP _bspa _cBNPHU |
||
| 082 |
_axxx _bE964 |
||
| 245 | 0 | 4 | _aUna experiencia de agroecología en Santo Domingo. |
| 260 |
_aSanto Domingo : _bBúho, _c[199-?]. |
||
| 300 |
_a41 p. : _bil. ; _c22 cm. |
||
| 710 | 1 | 1 |
_aCOSALUP _955395 |
| 999 |
_c27939 _d27939 |
||